000 00968cam a2200277 a 4500
999 _c529090
_d529090
001 4734104
005 20190919151403.0
008 841214s1986 nyuaf b 001 0 eng
010 _a 84028932
020 _a0070492344 :
_c$37.95
040 _aDLC
_cDLC
_dDLC
050 0 0 _aQR41.2
_b.P4 1986
082 0 0 _a576
_219
_bPEL
100 1 _aPelczar, Michael J.
_q(Michael Joseph),
_d1916-
_97175
245 1 0 _aMicrobiology /
_cMichael J. Pelczar, Jr., E.C.S. Chan, Noel R. Krieg, with the assistance of Merna Foss Pelczar.
250 _a5th ed.
260 _aNew York :
_bMcGraw-Hill,
_cc1986.
300 _aix, 918 p., [8] p. of plates :
_bill. (some col.) ;
_c24 cm.
500 _aCol. ill. on lining papers.
504 _aIncludes bibliographies and indexes.
650 0 _aMicrobiology.
_920953
700 1 _aChan, E. C. S.
_q(Eddie Chin Sun)
_97177
700 1 _aKrieg, Noel R.
_97178
906 _a7
_bcbc
_corignew
_d1
_eocip
_f19
_gy-gencatlg
942 _2ddc
_cBK